000 00823nam a2200277 a 4500
008
020 _a0412428903 (pbk.)
049 _aMAIN
090 _aTK7872.L64
_bLEW
100 1 _aLewin, Douglas.
245 1 0 _aDesign of logic systems /
_cD. Lewin, D. Protheroe.
250 _a2nd ed.
260 _aLondon :
_bChapman & Hall, University and Professional Division,
_c1992.
300 _axii, 702 p. :
_bill. ;
_c24 cm.
504 _aIncludes bibliographical references.
500 _aIncludes index.
650 0 _aSwitching circuits.
650 0 _aIntegrated circuits.
650 0 _aLogic design.
700 1 _aProtheroe, D.
907 _a.b10068843
_b16-05-13
_c17-04-03
003
005 20230123133509.0
040 _cNUST
942 _cBOOKS
_kTK7872.L64
_mLEW
999 _c149618
_d149618